<?xml version="1.0" encoding="UTF-8"?>
<record
    xmlns:xsi="http://www.w3.org/2001/XMLSchema-instance"
    xsi:schemaLocation="http://www.loc.gov/MARC21/slim http://www.loc.gov/standards/marcxml/schema/MARC21slim.xsd"
    xmlns="http://www.loc.gov/MARC21/slim">

  <leader>00182nam a2200085   4500</leader>
  <controlfield tag="001">1241547</controlfield>
  <controlfield tag="005">20251013113802.0</controlfield>
  <datafield tag="245" ind1=" " ind2=" ">
    <subfield code="a">MASAL ANTOLOJ&#x130;S&#x130;</subfield>
    <subfield code="c">VURAL KAYA</subfield>
  </datafield>
  <datafield tag="260" ind1=" " ind2=" ">
    <subfield code="b">YED&#x130;VEREN</subfield>
  </datafield>
  <datafield tag="999" ind1=" " ind2=" ">
    <subfield code="c">1241547</subfield>
    <subfield code="d">1241547</subfield>
  </datafield>
  <datafield tag="952" ind1=" " ind2=" ">
    <subfield code="0">0</subfield>
    <subfield code="1">0</subfield>
    <subfield code="2">ddc</subfield>
    <subfield code="4">0</subfield>
    <subfield code="7">0</subfield>
    <subfield code="a">1039</subfield>
    <subfield code="b">1039</subfield>
    <subfield code="d">2025-10-13</subfield>
    <subfield code="l">0</subfield>
    <subfield code="o">&#x130;2</subfield>
    <subfield code="p">10396120</subfield>
    <subfield code="r">2025-10-13 11:38:11</subfield>
    <subfield code="w">2025-10-13</subfield>
    <subfield code="y">BK</subfield>
  </datafield>
</record>
